| 000 | 01165cam a2200337 i 4500 | ||
|---|---|---|---|
| 003 | EG-ScBUE | ||
| 005 | 20240318100052.0 | ||
| 008 | 150817t1992 si a f 001 0 eng d | ||
| 020 | _a9624211485 (pbk) | ||
| 020 | _a9789624211481 | ||
| 040 |
_aEG-ScBUE _beng _erda _cEG-ScBUE _dEG-ScBUE |
||
| 082 | 0 | 4 |
_a916.21604 _bCAI _222 |
| 245 | 0 | 0 |
_aCairo : _binsight city guides / _cedited by John Rodenbeck ; principal photographers, Richard Nowitz, Marcus Wilson-Smith ; managing editor, Andrew Eames. |
| 250 | _aFirst edition. | ||
| 264 | 1 |
_aSingapore : _bAPA Publications, _c[1992] |
|
| 264 | 4 | _ac1992 | |
| 300 |
_a292 pages : _billustrations (chiefly color) ; _c23 cm |
||
| 336 |
_2rdacontent _atext _btxt |
||
| 337 |
_2rdamedia _aunmediated _bn |
||
| 338 |
_2rdacarrier _avolume _bnc |
||
| 500 | _aIncludes index. | ||
| 590 | _adoaa mohamed | ||
| 650 | 7 |
_aTravel _zEgypt _zCairo. _2BUEsh |
|
| 653 |
_cAugust2015 _bGGEN _bBUSBOL |
||
| 655 | _vReading book | ||
| 700 | 1 |
_aRodenbeck, John, _eeditor. |
|
| 700 | 1 |
_aNowitz, Richard, _ephotographer. |
|
| 700 | 1 |
_aWilson-Smith, Marcus, _ephotographer. |
|
| 700 | 1 |
_aEames, Andrew, _d1958- _eeditor. |
|
| 942 |
_cBB _2ddc |
||
| 999 |
_c9695 _d9695 |
||